00307nam a2200121Ia 4500008004100000020001800041041000800059082002600067100001700093245002300110260004400133300000800177230411s9999 xx 000 0 und d a81-86361-64-2 aeng aF/610.7309/MAN/B01778 aManelkar R K aHistory of Nursing bVora Medical PublicationsaMumbaic2001 a89p